[Event "OWL-ch"]
[Site "Lieme"]
[Date "2003.04.25"]
[Round "3"]
[White "Friedrichsmeier, Axel"]
[Black "Schaffarczyk, Andre"]
[Result "1-0"]
[WhiteElo "1899"]
[BlackElo "2050"]
[PlyCount "80"]
[EventDate "2003.04.27"]
[EventType "tourn"]
[EventRounds "7"]
[EventCountry "GER"]
[SourceTitle "EXT 2022"]
[Source "ChessBase"]
[SourceDate "2021.10.06"]
[SourceVersion "1"]
[SourceVersionDate "2021.10.06"]
[SourceQuality "1"]

1. e4 c5 2. c3 Nf6 3. e5 Nd5 4. d4 cxd4 5. Nf3 Nc6 6. cxd4 d6 7. Bc4 Nb6 8. Bb5 d5 9. Nc3 Bg4 10. h3 Bh5 11. e6 Qd6 12. exf7+ Bxf7 13. Ne5 g6 14. Qf3 Qe6 15. 0-0 Bg7 16. Bf4 0-0 17. Bxc6 bxc6 18. Rfe1 Be8 19. Qg3 Qf5 20. Bg5 Nc8 21. Na4 h6 22. Be3 Nd6 23. Nc5 Rb8 24. b3 Kh7 25. Rac1 Nb5 26. Red1 Rc8 27. Qh4 g5 28. Qg3 Bh5 29. f3 Nd6 30. Ncd3 Be8 31. h4 Nf7 32. hxg5 Nxg5 33. Rc5 Bf6 34. Rdc1 Rg8 35. Qh2 h5 36. Bxg5 Qxg5 37. Nxc6 Qe3+ 38. Nf2 Bxd4 39. Nxd4 Rxc5 40. Rxc5 Qc1+ 1-0